000 00452cam a22001337a 4500
008 180718b1972 xxu||||| |||| 00| 0 eng d
082 _aB135x669 Sm72
100 _aSmock, David R.
245 _aCultural and political aspects of rural transformation: a case study of eastern Nigeria
_cby David R. Smock and Audrey C. Smock
260 _aNew York
_bPraeger
_c1972
300 _a387p.
650 _aRural employment - Nigeria
700 _aSmock, Audrey C.
999 _c354774
_d354774